Muppet Show Theme Song Quiz Stats

 Plays Quiz Updated Aug 24, 2017

Challenge
Share
Tweet
Embed
Score 0/102 Timer 03:00
5 Plays Today
% Correct
the
97.9%
the
97.9%
the
97.9%
the
97.9%
the
97.9%
the
97.9%
the
97.9%
the
97.9%
the
97.9%
Muppet
96.3%
Muppet
96.3%
Muppet
96.3%
Show
95.1%
Show
95.1%
show
95.1%
Show
95.1%
to
94.3%
to
94.3%
to
94.3%
to
94.3%
to
94.3%
to
94.3%
to
94.3%
to
94.3%
to
94.3%
I
93.2%
It's
89.6%
It's
89.6%
It's
89.6%
It's
89.6%
It's
89.6%
It's
89.6%
It's
89.6%
It's
89.6%
% Correct
time
88.7%
time
88.7%
time
88.7%
time
88.7%
time
88.7%
time
88.7%
time
88.7%
on
83.9%
on
83.9%
on
83.9%
on
83.9%
tonight
78.4%
tonight
78.4%
light
78.1%
lights
74.8%
we
74.7%
we
74.7%
music
70.2%
a
68.7%
play
67.7%
get
61.3%
get
61.3%
get
61.3%
is
59.5%
put
57.2%
makeup
55.3%
do
53.9%
started
52.4%
started
52.4%
started
52.4%
things
51.2%
things
51.2%
things
51.2%
what
51%
% Correct
This
50.7%
right
49.2%
up
48.4%
you
47.1%
Why
46.4%
Why
46.4%
call
46%
most
44.2%
dress
43.5%
Muppets
43.1%
sensational
42.8%
inspirational
40.3%
curtain
39.6%
meet
38.5%
of
37.8%
come
37.5%
here
37.4%
raise
36.6%
have
35.3%
don't
35%
And
34.6%
know
32.9%
watch
32.7%
always
31.8%
Muppetational
30.4%
celebrational
30.3%
like
30%
we'll
28.9%
never
27.7%
guess
26.8%
torture
25.5%
kind
25.2%
let's
23.5%
now
23.1%

You're not logged in!

Compare scores with friends on all Sporcle quizzes.
Join for Free
OR
Log In

You Might Also Like...

Show Comments

Extras

Top Quizzes Today


Score Distribution

Your Account Isn't Verified!

In order to create a playlist on Sporcle, you need to verify the email address you used during registration. Go to your Sporcle Settings to finish the process.

Report this User

Report this user for behavior that violates our Community Guidelines.

Details: